[Event "Open Nord 2014/2015"]
[Site "Meyreuil"]
[Date "2014.03.10"]
[Round "7.7"]
[White "Corrias, Robert"]
[Black "Brissonneau, Laurent"]
[Result "0-1"]
[WhiteElo "1634"]
[BlackElo "1688"]
[PlyCount "94"]

1. Nf3 d5 2. d4 c6 3. Nc3 Nf6 4. Bg5 Bf5 5. e3 e6 6. Be2 Nbd7 7. O-O Bd6 8. a3
Qc7 9. b4 Ne4 10. Nxe4 Bxe4 11. h3 h6 12. Bh4 g5 13. Bg3 Bxg3 14. fxg3 Qxg3 15.
Qe1 Qxe1 16. Nxe1 f5 17. Bd3 Ke7 18. Nf3 Raf8 19. Nd2 Nf6 20. Nb3 b6 21. Rac1
g4 22. h4 Rf7 23. g3 Rhf8 24. Kh2 Nd7 25. Be2 h5 26. c4 e5 27. c5 f4 28. exf4
exf4 29. gxf4 bxc5 30. Nxc5 Nxc5 31. Rxc5 Rxf4 32. Rxf4 Rxf4 33. Kg3 Rf8 34.
Ra5 Ra8 35. Ra6 Kd7 36. b5 cxb5 37. Bxb5+ Ke7 38. a4 Kf7 39. a5 Kg8 40. Bc6 Rb8
41. Rxa7 Rb3+ 42. Kf4 g3 43. Ke5 g2 44. Bd7 g1=Q 45. Be6+ Kh8 46. Ra8+ Kh7 47.
Ra7+ Kh6 0-1

[Event "Open Nord 2014/2015"]
[Site "Meyreuil"]
[Date "2014.03.10"]
[Round "7.8"]
[White "Garcia, Robustiano"]
[Black "Hidreau, Olivier"]
[Result "1-0"]
[WhiteElo "1573"]
[BlackElo "1479"]
[PlyCount "67"]

1. d4 Nf6 2. c4 c5 3. d5 b5 4. cxb5 a6 5. bxa6 Bxa6 6. Nc3 d6 7. f4 g6 8. Nf3
Bg7 9. e4 Bxf1 10. Rxf1 Ra6 11. e5 dxe5 12. fxe5 Ng4 13. Qe2 e6 14. h3 Nh6 15.
Qb5+ Kf8 16. Qxc5+ Kg8 17. Bg5 Qe8 18. Rd1 Nd7 19. Qc7 Nf5 20. dxe6 Bxe5 21.
Qxd7 Bg3+ 22. Rf2 Rxe6+ 23. Kf1 Ne3+ 24. Bxe3 Qxd7 25. Rxd7 Rxe3 26. Rd8+ Kg7
27. Rxh8 Kxh8 28. Re2 Bf4 29. Rxe3 Bxe3 30. Ke2 Bc1 31. b4 Kg7 32. a4 Kf6 33.
a5 Ke6 34. a6 1-0

[Event "Open Nord 2014/2015"]
[Site "Meyreuil"]
[Date "2014.03.10"]
[Round "7.9"]
[White "Salvi, Angele"]
[Black "Gourdeau, Marie-Christine"]
[Result "0-1"]
[WhiteElo "1060"]
[BlackElo "1440"]
[PlyCount "78"]

1. e4 c6 2. d4 d5 3. Nc3 dxe4 4. Nxe4 Bf5 5. Ng3 Bg6 6. h4 h6 7. h5 Bh7 8. Bd3
Bxd3 9. Qxd3 Nf6 10. N1e2 e6 11. Bd2 Bd6 12. O-O-O Nbd7 13. Ne4 Nxe4 14. Qxe4
Nf6 15. Qd3 O-O 16. Qf3 Qb6 17. c3 Nd5 18. Kb1 Ba3 19. Bc1 Bd6 20. g4 f6 21.
Rdg1 Be7 22. Nf4 Nxf4 23. Qxf4 Qd8 24. Qe4 Qd5 25. f3 Qxe4+ 26. fxe4 Rad8 27.
Be3 a6 28. Kc2 b5 29. b4 Kf7 30. Rf1 Ke8 31. a3 Kd7 32. e5 fxe5 33. dxe5 Kc7
34. Re1 Rf3 35. Bc5 Bxc5 36. bxc5 Rf2+ 37. Kb3 Rdd2 38. Rb1 Rfe2 39. Rb2 Rxb2#
0-1

[Event "Open Nord 2014/2015"]
[Site "Meyreuil"]
[Date "2014.03.10"]
[Round "7.10"]
[White "Gremaud, Isabelle"]
[Black "Perdiolat, Francis"]
[Result "0-1"]
[WhiteElo "1399"]
[BlackElo "1190"]
[PlyCount "78"]

1. e4 d6 2. Bc4 g6 3. d3 Bg7 4. h3 Nf6 5. Nf3 O-O 6. O-O e5 7. a3 c6 8. Nc3
Nbd7 9. Re1 a5 10. Be3 b5 11. Ba2 Rb8 12. d4 Nb6 13. dxe5 dxe5 14. Nxe5 Qxd1
15. Raxd1 Nxe4 16. Nxe4 Bxe5 17. Nc5 Bxb2 18. Bd4 Bxd4 19. Rxd4 Bf5 20. c3 Rbd8
21. Rxd8 Rxd8 22. Nb7 Rd3 23. Nxa5 Rxc3 24. Re7 Nd5 25. Bxd5 cxd5 26. Rb7 Bd3
27. Rd7 Bc4 28. Nxc4 dxc4 29. Ra7 Rc1+ 30. Kh2 Ra1 31. Kg3 c3 32. Rb7 c2 33.
Rxb5 c1=Q 34. Rb8+ Kg7 35. Ra8 Rxa3+ 36. Rxa3 Qxa3+ 37. Kh2 f5 38. f3 h5 39.
Kg3 Qd6+ 0-1

[Event "Open Nord 2014/2015"]
[Site "Meyreuil"]
[Date "2014.03.10"]
[Round "7.11"]
[White "Lupinacci, Patrick"]
[Black "Person, Claude"]
[Result "1-0"]
[WhiteElo "1471"]
[BlackElo "1255"]
[PlyCount "83"]

1. Nf3 Nc6 2. c4 e5 3. Nc3 d6 4. e3 Bg4 5. Be2 Nf6 6. d3 Bd7 7. O-O Be7 8. Nd2
O-O 9. f4 exf4 10. Rxf4 Qc8 11. Nde4 Nxe4 12. Nxe4 f5 13. Nc3 Bg5 14. Rf1 Ne7
15. d4 c5 16. d5 Bf6 17. Qc2 Be5 18. Bd2 a5 19. Rf2 Rf7 20. Raf1 Qf8 21. Nb5
Bxb5 22. cxb5 b6 23. Bd3 g6 24. g3 Kg7 25. e4 Bd4 26. Bc3 Rc8 27. Kg2 Kg8 28.
Bxd4 cxd4 29. Qd2 Qg7 30. exf5 Nxf5 31. Bxf5 Rxf5 32. Rxf5 gxf5 33. Rxf5 Kh8
34. Rf4 d3 35. Qxd3 Qxb2+ 36. Rf2 Qg7 37. Qf5 Rd8 38. Re2 Qg6 39. Qe6 Qg8 40.
Qf6+ Qg7 41. Qxd8+ Qg8 42. Re8 1-0

[Event "Open Nord 2014/2015"]
[Site "Meyreuil"]
[Date "2014.03.10"]
[Round "7.12"]
[White "Pietrac, Christian"]
[Black "Ribelles, Anthony"]
[Result "1-0"]
[WhiteElo "1214"]
[BlackElo "1450"]
[PlyCount "63"]

1. Nf3 d5 2. g3 c5 3. Bg2 Nc6 4. O-O Nf6 5. d3 e5 6. Nbd2 Bd6 7. e4 d4 8. a4
O-O 9. Kh1 Nd7 10. Nc4 Bc7 11. Ng1 f5 12. f4 Nf6 13. exf5 Bxf5 14. fxe5 Bg4 15.
Qe1 Nxe5 16. Nxe5 Re8 17. Bf4 Bxe5 18. Bxe5 Nd7 19. Qd2 Nxe5 20. Rf4 Qc7 21. h3
Bd7 22. b3 Ng6 23. Bd5+ Kh8 24. Rf7 Qd6 25. Qg5 Bc6 26. Bxc6 Qxc6+ 27. Kh2 Re5
28. Qg4 Rae8 29. Qd7 Qxd7 30. Rxd7 R5e7 31. Rd6 Re3 32. Rf1 1-0

[Event "Open Nord 2014/2015"]
[Site "Meyreuil"]
[Date "2014.03.10"]
[Round "7.13"]
[White "Schoeni, Christine"]
[Black "Cortes, Maria"]
[Result "1-0"]
[WhiteElo "1090"]
[BlackElo "1120"]
[PlyCount "121"]

1. d4 b6 2. c4 Bb7 3. Nf3 Nf6 4. Nc3 Nc6 5. e3 e6 6. Be2 Be7 7. O-O O-O 8. Ne5
Nb4 9. a3 Na6 10. f3 d6 11. Nd3 Qd7 12. b4 d5 13. Ne5 Qe8 14. b5 Nb8 15. a4
Nbd7 16. Nd3 Bd6 17. Nf4 Qe7 18. cxd5 e5 19. dxe5 Nxe5 20. e4 Ng6 21. Nxg6 fxg6
22. Bg5 Qe5 23. f4 Qxc3 24. Qd3 Qc5+ 25. Kh1 Rae8 26. Bf3 h6 27. Bh4 Bxf4 28.
Bf2 Qd6 29. g3 Be5 30. Rab1 g5 31. Be2 Re7 32. Bd1 g4 33. Bc2 h5 34. Rg1 Ref7
35. Qe2 Nh7 36. Be3 Rf3 37. Kg2 Bxg3 38. h3 gxh3+ 39. Kh1 h2 40. Rg2 Rf1+ 41.
Rxf1 Rxf1+ 42. Qxf1 Bc8 43. Qf3 Bh3 44. Rxg3 Qd7 45. Kxh2 Nf6 46. Rxh3 Ng4+ 47.
Kg3 Qd6+ 48. Bf4 Qe7 49. Rxh5 Nf6 50. Re5 Qf7 51. Bg5 Nh5+ 52. Kg4 Qxf3+ 53.
Kxf3 Kf7 54. Re7+ Kg6 55. Kg4 Nf6+ 56. Bxf6 Kxf6 57. Rxc7 g5 58. Rxa7 Ke5 59.
Rg7 Kd4 60. Rxg5 Kc4 61. d6 1-0

[Event "Open Nord 2014/2015"]
[Site "Meyreuil"]
[Date "2014.04.03"]
[Round "8.1"]
[White "Montanelli, Tristan"]
[Black "Jean, Nicolas"]
[Result "0-1"]
[WhiteElo "1722"]
[BlackElo "1871"]
[PlyCount "128"]

1. Nf3 Nf6 2. g3 g6 3. Bg2 Bg7 4. O-O d6 5. d3 O-O 6. c3 Nc6 7. Kh1 Bd7 8. Bd2
h6 9. Qc1 Kh7 10. h4 Qc8 11. Ng1 Nh5 12. Be1 f5 13. f4 e5 14. e3 Ne7 15. Kh2
Bc6 16. Bxc6 Nxc6 17. Nh3 Qe6 18. Bf2 Rfe8 19. Na3 Nf6 20. Qd2 Ng4+ 21. Kg2 Re7
22. b3 Rae8 23. Rae1 a6 24. c4 Qd7 25. Nc2 d5 26. Qd1 Qe6 27. d4 exd4 28. exd4
Qf7 29. Rxe7 Rxe7 30. c5 Nxf2 31. Rxf2 Qe6 32. Rd2 Nb8 33. Nf2 Nd7 34. Rd3 Qe2
35. Rd2 Qxd1 36. Nxd1 Nf6 37. Nf2 Ne4 38. Nxe4 Rxe4 39. Kf3 g5 40. fxg5 hxg5
41. hxg5 Kg6 42. Rd3 Kxg5 43. Rd1 c6 44. Rd3 Bf6 45. Rd1 Kg6 46. Rd3 Bd8 47.
Rd1 Bc7 48. Rd3 Rg4 49. Kf2 Kg5 50. Ne1 Kf6 51. Nc2 Rg8 52. Rf3 Rg5 53. Rd3 Rh5
54. Kg2 Kg5 55. Rf3 f4 56. gxf4+ Bxf4 57. Rh3 Rxh3 58. Kxh3 Kf5 59. Kg2 Ke4 60.
Kf1 Be3 61. Ke2 Bxd4 62. b4 Bc3 63. a3 d4 64. Kd1 d3 0-1

[Event "Open Nord 2014/2015"]
[Site "Meyreuil"]
[Date "2014.04.03"]
[Round "8.2"]
[White "Graells, Christian"]
[Black "Mamah, Isabelle"]
[Result "1-0"]
[WhiteElo "1482"]
[BlackElo "1824"]
[PlyCount "78"]

1. e4 c5 2. Nf3 g6 3. c3 Bg7 4. d4 cxd4 5. cxd4 d5 6. e5 Bg4 7. Bb5+ Nc6 8.
Bxc6+ bxc6 9. Nbd2 Nh6 10. h3 Bc8 11. O-O O-O 12. Qc2 Qb6 13. Nb3 Nf5 14. Nc5
Rb8 15. b3 Rd8 16. Bb2 Bd7 17. Rfe1 e6 18. Rab1 Be8 19. a3 a5 20. Bc1 Bf8 21.
Bg5 Rdc8 22. b4 Qa7 23. Qd2 axb4 24. axb4 Qb6 25. g4 Ng7 26. Bf6 Ra8 27. Qg5
Qc7 28. Qh4 Ra3 29. Ng5 h5 30. Kh1 Bd7 31. gxh5 Nxh5 32. Rg1 Bg7 33. Bxg7 Kxg7
34. Rg4 Rh8 35. f3 Qc8 36. Rbg1 Nf4 37. Ngxe6+ Bxe6 38. Qf6+ Kg8 39. Nxe6 Rxh3#
1-0

[Event "Open Nord 2014/2015"]
[Site "Meyreuil"]
[Date "2014.04.03"]
[Round "8.3"]
[White "Salvi, Michel"]
[Black "Scamaroni, Jean-Paul"]
[Result "1-0"]
[WhiteElo "1595"]
[BlackElo "1613"]
[PlyCount "91"]

1. e4 c5 2. Nf3 d6 3. d4 cxd4 4. Nxd4 Nf6 5. Nc3 a6 6. Be2 e5 7. Nb3 Be6 8. Be3
Be7 9. f3 Nbd7 10. g4 Nc5 11. Nd5 Bxd5 12. exd5 Nxb3 13. axb3 O-O 14. Qd2 Rc8
15. O-O-O Qc7 16. c3 Nd7 17. h4 Nc5 18. Bxc5 Qxc5 19. b4 Qxb4 20. Bd3 Qf4 21.
Qxf4 exf4 22. Rde1 Rfe8 23. Re4 g5 24. hxg5 Bxg5 25. Rb4 Rc7 26. Bxh7+ Kg7 27.
Bf5 Rh8 28. Rxh8 Kxh8 29. Rb6 Be7 30. Kd2 Kg7 31. Kd3 Kf6 32. Rb4 Kg5 33. Re4
Bf6 34. Re2 Re7 35. Rh2 Re3+ 36. Kd2 Bg7 37. Be4 Rxe4 38. fxe4 Kxg4 39. Rg2+
Kf3 40. Rxg7 Kxe4 41. Rxf7 f3 42. c4 b5 43. cxb5 axb5 44. b4 Kxd5 45. Kd3 Ke5
46. Rxf3 1-0

[Event "Open Nord 2014/2015"]
[Site "Meyreuil"]
[Date "2014.04.03"]
[Round "8.5"]
[White "Brissonneau, Laurent"]
[Black "Mignemi, Denis"]
[Result "1/2-1/2"]
[WhiteElo "1688"]
[BlackElo "1612"]
[PlyCount "60"]

1. e4 d5 2. exd5 Qxd5 3. Nc3 Qa5 4. d4 c6 5. Bd3 Nf6 6. Bd2 Qc7 7. h3 Nbd7 8.
Qe2 e6 9. Nf3 Be7 10. O-O-O Nb6 11. g4 Bd7 12. Ne5 Nbd5 13. g5 Nxc3 14. Bxc3
Nd5 15. Bd2 g6 16. h4 Nb4 17. Bc4 b5 18. Bb3 a5 19. c3 a4 20. cxb4 axb3 21. a3
f6 22. Ng4 fxg5 23. Bxg5 Bxg5+ 24. hxg5 Qf4+ 25. Kb1 Qxg5 26. Ne5 Qf5+ 27. Ka1
O-O-O 28. Rc1 Kb7 29. Rc3 Be8 30. Rxb3 Rxd4 1/2-1/2

[Event "Open Nord 2014/2015"]
[Site "Meyreuil"]
[Date "2014.04.04"]
[Round "8.6"]
[White "Perdiolat, Francis"]
[Black "Schiano-Lomoriello, Didier"]
[Result "0-1"]
[WhiteElo "1190"]
[BlackElo "1574"]
[PlyCount "67"]

1. e4 c5 2. Nc3 d6 3. g3 Nc6 4. Bg2 g6 5. d3 Bg7 6. Nge2 Bg4 7. h3 Bd7 8. Be3
Nf6 9. Qd2 O-O 10. Bh6 Rc8 11. Bxg7 Kxg7 12. O-O-O Nd4 13. Nxd4 cxd4 14. Ne2 e5
15. f4 Rc5 16. Kb1 a5 17. g4 Qc7 18. f5 b5 19. fxg6 hxg6 20. g5 Ng8 21. h4 Ne7
22. h5 gxh5 23. Rxh5 Ng6 24. Ng3 Rc8 25. Rc1 Nf4 26. Rh2 Rg8 27. Nh5+ Nxh5 28.
Rxh5 Qc8 29. Rch1 Bg4 30. Rh7+ Kf8 31. g6 Rxg6 32. Rh8+ Rg8 33. Qh6+ Ke7 34.
Qf6+ 0-1

[Event "Open Nord 2014/2015"]
[Site "Meyreuil"]
[Date "2014.03.10"]
[Round "8.7"]
[White "Lupinacci, Patrick"]
[Black "Bouriel, Michel"]
[Result "0-1"]
[WhiteElo "1471"]
[BlackElo "1379"]
[PlyCount "46"]

1. Nf3 Nf6 2. c4 c5 3. Nc3 g6 4. d3 Bg7 5. Be3 d6 6. g3 O-O 7. Bg2 Nc6 8. Bd2
a6 9. O-O Rb8 10. e4 Nb4 11. Bf4 Bg4 12. h3 Bd7 13. a3 Nc6 14. d4 cxd4 15. Nxd4
Nxd4 16. Qxd4 e5 17. Qxd6 exf4 18. Qxf4 Be6 19. Rfd1 Qc8 20. Nd5 Nxd5 21. cxd5
Bxh3 22. Bxh3 Qxh3 23. Rd2 Bh6 0-1

[Event "Open Nord 2014/2015"]
[Site "Meyreuil"]
[Date "2014.04.03"]
[Round "8.8"]
[White "Gourdeau, Marie-Christine"]
[Black "Garcia, Robustiano"]
[Result "0-1"]
[WhiteElo "1440"]
[BlackElo "1573"]
[PlyCount "94"]

1. e4 c5 2. c3 Nf6 3. e5 Nd5 4. d4 cxd4 5. Bc4 Nb6 6. Bb3 dxc3 7. Nxc3 Nc6 8.
Nf3 a6 9. O-O e6 10. Re1 d5 11. exd6 Bxd6 12. Ne4 Be7 13. Be3 Qxd1 14. Raxd1
Nd7 15. Nd4 Nxd4 16. Bxd4 Nf6 17. Nxf6+ Bxf6 18. Bxf6 gxf6 19. Rd3 Bd7 20. Rc1
Rc8 21. Rxc8+ Bxc8 22. Rf3 Ke7 23. Rg3 Bd7 24. f4 f5 25. Re3 Bc6 26. Bc2 Rg8
27. g3 Kd7 28. Rd3+ Kc7 29. Kf2 Rd8 30. Rxd8 Kxd8 31. Ke3 Kd7 32. Kd4 Kd6 33.
b3 h6 34. h4 f6 35. a4 b5 36. a5 Bd7 37. b4 e5+ 38. fxe5+ fxe5+ 39. Ke3 Be6 40.
Bd1 Bd5 41. Bf3 Bxf3 42. Kxf3 Kd5 43. g4 fxg4+ 44. Kxg4 Kd4 45. Kf5 e4 46. Kg6
e3 47. Kxh6 e2 0-1

[Event "Open Nord 2014/2015"]
[Site "Meyreuil"]
[Date "2014.04.03"]
[Round "8.9"]
[White "Amoros, Jean"]
[Black "Corrias, Robert"]
[Result "0-1"]
[WhiteElo "1474"]
[BlackElo "1634"]
[PlyCount "100"]

1. g4 d5 2. Bg2 Bxg4 3. c4 Nf6 4. Qb3 Bc8 5. cxd5 Qd6 6. Nc3 a6 7. d3 Nbd7 8.
Qa4 Rb8 9. Bf4 Qb6 10. Bd2 g6 11. Nf3 Bg7 12. Bh3 O-O 13. Qh4 Re8 14. e4 Nc5
15. Ke2 e6 16. dxe6 Nxe6 17. Rab1 Qd6 18. Bxe6 Qxe6 19. Ng5 Qe7 20. Rbe1 Bg4+
21. f3 Bh5 22. Be3 Rbd8 23. d4 c6 24. Nh3 Nxe4 25. Qxe7 Nxc3+ 26. bxc3 Rxe7 27.
Kf2 Rde8 28. Bd2 Bf6 29. Rxe7 Rxe7 30. Kg3 Re2 31. Rd1 g5 32. Nf2 Bd8 33. Ne4
Rxe4 34. Rb1 Bc7+ 35. Kf2 Re7 36. Bxg5 Rd7 37. Rg1 Kf8 38. Bh6+ Ke7 39. Bg5+ f6
40. Bh4 Bf4 41. Bg3 Bxg3+ 42. hxg3 Bg6 43. g4 Kd6 44. c4 Re7 45. Rh1 f5 46. g5
b5 47. c5+ Kd5 48. Rd1 f4 49. Rd2 Re3 50. Rd1 Rd3 0-1

[Event "Open Nord 2014/2015"]
[Site "Meyreuil"]
[Date "2014.04.03"]
[Round "8.10"]
[White "Hidreau, Olivier"]
[Black "Salvi, Angele"]
[Result "1-0"]
[WhiteElo "1479"]
[BlackElo "1060"]
[PlyCount "123"]

1. f3 c6 2. Kf2 d5 3. g3 Nf6 4. Bh3 e6 5. e3 Bd6 6. Ne2 O-O 7. Rf1 b6 8. d3 Bb7
9. Kg1 b5 10. c3 a5 11. a4 Ba6 12. Rf2 Nbd7 13. Nd4 Qc7 14. f4 b4 15. b3 Rab8
16. c4 Rfe8 17. Nd2 Nc5 18. Nf1 g6 19. Bb2 Nh5 20. Ne2 Bf8 21. Be5 Bd6 22. Bxd6
Qxd6 23. Nc1 Bc8 24. Raa2 Bd7 25. Rfd2 d4 26. Re2 e5 27. exd4 Qxd4+ 28. Kg2
Bxh3+ 29. Kxh3 Qd7+ 30. Kg2 Qf5 31. Rf2 Rbd8 32. Rad2 e4 33. Ne3 Qe6 34. d4 Nd3
35. Nxd3 exd3 36. Rf3 Rxd4 37. Rxd3 Red8 38. Rxd4 Rxd4 39. Qxd4 Qe8 40. f5 Ng7
41. Ng4 Kh8 42. Re3 Qc8 43. Nf6 Nxf5 44. Re8+ Kg7 45. Nh5+ Kh6 46. Rxc8 Nxd4
47. Nf6 Nxb3 48. Rxc6 Nd4 49. Rc7 Kg7 50. Ne4 b3 51. Rb7 h5 52. Nd2 Nc2 53.
Rxb3 Ne1+ 54. Kf2 Nc2 55. Rc3 Nd4 56. c5 Kh6 57. c6 Ne6 58. c7 Nxc7 59. Rxc7 f5
60. Rc5 Kg5 61. Rxa5 Kg4 62. Ra8 1-0

[Event "Open Nord 2014/2015"]
[Site "Meyreuil"]
[Date "2014.04.03"]
[Round "8.11"]
[White "Person, Claude"]
[Black "Pietrac, Christian"]
[Result "1-0"]
[WhiteElo "1255"]
[BlackElo "1214"]
[PlyCount "107"]

1. d4 Nf6 2. Nf3 d6 3. e3 g6 4. Be2 Bg7 5. h3 Nbd7 6. c3 c6 7. O-O O-O 8. Nbd2
e5 9. Nb3 e4 10. Nh2 a5 11. a4 b6 12. Qc2 Ba6 13. c4 Qc7 14. Nd2 d5 15. b3 Rfe8
16. Re1 Kh8 17. Ng4 Ng8 18. cxd5 c5 19. Bb2 Bxe2 20. Rxe2 h5 21. Nh2 Ngf6 22.
Nhf1 Re7 23. Nc4 Nxd5 24. Ng3 Nb4 25. Qb1 f5 26. Rd2 Kh7 27. Ne2 g5 28. Ng3 Kg6
29. Qd1 g4 30. h4 Bf6 31. Ne2 Bxh4 32. d5 Qc8 33. d6 Re8 34. Nf4+ Kg5 35. g3
Nd3 36. gxh4+ Kxh4 37. Ng6+ Kg5 38. Ne7 Qb7 39. Bg7 Rad8 40. Qf1 Nf8 41. Bxf8
Rxf8 42. Qg2 Qa6 43. Qh2 f4 44. exf4+ Nxf4 45. Re1 Nh3+ 46. Kh1 Qb7 47. Qe5+
Kh6 48. Qe6+ Kg7 49. Qg6+ Kh8 50. Qxh5+ Kg7 51. Qxg4+ Kf7 52. Ne5+ Kf6 53. Qf5+
Kg7 54. Qg6+ 1-0

[Event "Open Nord 2014/2015"]
[Site "Meyreuil"]
[Date "2014.04.03"]
[Round "8.12"]
[White "Gremaud, Isabelle"]
[Black "Schoeni, Christine"]
[Result "1-0"]
[WhiteElo "1399"]
[BlackElo "1090"]
[PlyCount "63"]

1. e4 e5 2. Nf3 Nc6 3. Bc4 f6 4. a3 d6 5. h3 Nge7 6. d3 Na5 7. Ba2 c6 8. Nc3 b5
9. b4 Nb7 10. Be3 Ng6 11. O-O Be7 12. Nh2 Nf4 13. Bxf4 exf4 14. Qd2 g5 15. Qe2
h5 16. Nf3 g4 17. Nh4 gxh3 18. gxh3 Rh6 19. Nf5 Rg6+ 20. Kh1 Bxf5 21. exf5 Rh6
22. Qe6 Rh7 23. Qg8+ Kd7 24. Qxh7 Qh8 25. Qf7 h4 26. Rae1 Nd8 27. Rxe7+ Kc8 28.
Be6+ Kb8 29. Re8 d5 30. Rxh8 d4 31. Ne4 a5 32. Rxd8# 1-0

[Event "Open Nord 2014/2015"]
[Site "Meyreuil"]
[Date "2014.04.03"]
[Round "8.13"]
[White "Ribelles, Anthony"]
[Black "Cortes, Maria"]
[Result "1-0"]
[WhiteElo "1450"]
[BlackElo "1120"]
[PlyCount "61"]

1. e4 Nf6 2. e5 Nd5 3. d4 e6 4. c4 Bb4+ 5. Bd2 Nf4 6. Bxb4 Qg5 7. Nf3 Nxg2+ 8.
Bxg2 Qxg2 9. Rg1 Qh3 10. Rxg7 Qf5 11. Nc3 Nc6 12. Ba3 Na5 13. b3 b6 14. Nh4 Qh3
15. Qg4 Qxc3+ 16. Ke2 Qc2+ 17. Kf3 Qc3+ 18. Kg2 d6 19. Rg8+ Rxg8 20. Qxg8+ Ke7
21. exd6+ cxd6 22. Qg5+ Kd7 23. Qf4 Bb7+ 24. d5 Qxa1 25. Qxd6+ Kc8 26. Qf8+ Kc7
27. Qxf7+ Kc8 28. Qxe6+ Kd8 29. Be7+ Ke8 30. Bf6+ Kf8 31. Qe7+ 1-0

[Event "Open Nord 2014/2015"]
[Site "Meyreuil"]
[Date "2015.05.15"]
[Round "9.1"]
[White "Jean, Nicolas"]
[Black "Mamah, Isabelle"]
[Result "1-0"]
[WhiteElo "1876"]
[BlackElo "1843"]
[PlyCount "59"]

1. e4 c5 2. Nf3 g6 3. c3 Bg7 4. d4 cxd4 5. cxd4 d5 6. e5 Bg4 7. Bb5+ Nc6 8.
Bxc6+ bxc6 9. Nbd2 e6 10. h3 Bxf3 11. Nxf3 Ne7 12. O-O O-O 13. Re1 Qb6 14. b3
Qa5 15. Bg5 Rfe8 16. Qc1 Rac8 17. Bf6 c5 18. Qf4 Nf5 19. dxc5 Rxc5 20. Bxg7
Kxg7 21. g4 Nh6 22. b4 Qa4 23. Qf6+ Kf8 24. bxc5 Ng8 25. Qg5 Qa3 26. Qe3 Qa6
27. Rec1 Rc8 28. Rab1 Kg7 29. Nd4 Ne7 30. c6 1-0

[Event "Open Nord 2014/2015"]
[Site "Meyreuil"]
[Date "2015.05.15"]
[Round "9.2"]
[White "Bouriel, Michel"]
[Black "Montanelli, Tristan"]
[Result "0-1"]
[WhiteElo "1387"]
[BlackElo "1719"]
[PlyCount "78"]

1. c4 g6 2. Nc3 Nf6 3. Nf3 d5 4. cxd5 Nxd5 5. g3 Bg7 6. Bg2 Nb6 7. O-O O-O 8.
d3 Nc6 9. Rb1 Nb4 10. a3 N4d5 11. Nxd5 Nxd5 12. Bd2 c6 13. b4 Re8 14. Qc1 Bg4
15. Qc4 h5 16. h3 Be6 17. Qc1 Nc7 18. Bh6 f6 19. Bxg7 Kxg7 20. Qc2 Qd7 21. Kh2
Nb5 22. Ra1 Rac8 23. e3 Red8 24. d4 g5 25. Ne1 Bf5 26. Qd1 Rh8 27. Nd3 b6 28.
a4 Nc3 29. Qd2 Ne4 30. Qd1 Qd6 31. a5 h4 32. Bxe4 hxg3+ 33. Kg1 Bxe4 34. f4
Rxh3 35. Nf2 gxf2+ 36. Kxf2 Bf3 37. Qd3 g4 38. axb6 Rh2+ 39. Ke1 Qxb4+ 0-1

[Event "Open Nord 2014/2015"]
[Site "Meyreuil"]
[Date "2015.05.15"]
[Round "9.3"]
[White "Schiano-Lomoriello, Didier"]
[Black "Salvi, Michel"]
[Result "0-1"]
[WhiteElo "1608"]
[BlackElo "1648"]
[PlyCount "40"]

1. e4 c5 2. Nf3 d6 3. d4 cxd4 4. Nxd4 Nf6 5. Nc3 a6 6. a4 e5 7. Nb3 Be6 8. Be2
Be7 9. O-O Nbd7 10. Be3 O-O 11. Qd2 Rc8 12. f3 Qc7 13. Rfd1 Nb6 14. a5 Nc4 15.
Bxc4 Bxc4 16. Bb6 Qc6 17. Nc1 h6 18. Nd3 Bd8 19. Nb4 Bxb6+ 20. axb6 Qxb6+ 0-1

[Event "Open Nord 2014/2015"]
[Site "Meyreuil"]
[Date "2015.05.15"]
[Round "9.4"]
[White "Mignemi, Denis"]
[Black "Andonian, Pierre"]
[Result "0-1"]
[WhiteElo "1597"]
[BlackElo "1470"]
[PlyCount "94"]

1. d4 Nf6 2. c4 e6 3. Nc3 c6 4. Nf3 d5 5. e3 a6 6. a4 Bb4 7. Qc2 O-O 8. Bd3
dxc4 9. Bxc4 Nbd7 10. O-O Nd5 11. Bd3 f5 12. e4 Ne7 13. Qb3 Bxc3 14. bxc3 Nc5
15. Qc2 fxe4 16. Bxe4 Nxe4 17. Qxe4 Qd5 18. Qd3 Nf5 19. Re1 b5 20. Re5 Qd8 21.
axb5 cxb5 22. Re1 Ra7 23. d5 h6 24. Bd2 Rf6 25. Nd4 Nxd4 26. Qxd4 Re7 27. d6
Ref7 28. f3 Bd7 29. Be3 Bc6 30. Qb6 Qa8 31. f4 Rg6 32. g3 Bh1 33. Re2 Qf3 34.
Rf2 Qa8 35. d7 Rxd7 36. Bd4 Bd5 37. Qc5 Qd8 38. f5 exf5 39. Rxf5 Bc4 40. Qa3
Rgd6 41. Qc1 Rxd4 42. cxd4 Rxd4 43. Rf1 Rd2 44. Re1 Qd3 45. Re8+ Kh7 46. Qb1
Rc2 47. Rf8 Qd2 0-1

[Event "Open Nord 2014/2015"]
[Site "Meyreuil"]
[Date "2015.05.15"]
[Round "9.5"]
[White "Scamaroni, Jean-Paul"]
[Black "Brissonneau, Laurent"]
[Result "1/2-1/2"]
[WhiteElo "1619"]
[BlackElo "1688"]
[PlyCount "80"]

1. d4 d5 2. c4 c6 3. Nf3 Nf6 4. Nc3 e6 5. Bg5 Nbd7 6. e3 Qa5 7. Nd2 Bb4 8. Qc2
O-O 9. c5 Ne8 10. Be7 e5 11. Nb3 Qc7 12. Bxf8 Nxf8 13. a3 exd4 14. Nxd4 Bxc3+
15. Qxc3 a5 16. Bd3 Nf6 17. Qc2 Bg4 18. Bf5 Bh5 19. O-O Bg6 20. Bxg6 hxg6 21.
f3 Qe5 22. Rae1 N8d7 23. b4 Qe7 24. e4 dxe4 25. fxe4 Ng4 26. Nf3 Qe6 27. h3
Nge5 28. Nxe5 Nxe5 29. Rd1 axb4 30. axb4 g5 31. Qe2 g4 32. hxg4 Ra2 33. Qe1
Qxg4 34. Rd2 Ra3 35. Qd1 Qg5 36. Rf5 Nf3+ 37. Rxf3 Rxf3 38. Rd8+ Kh7 39. Rd7
Qe3+ 40. Kh1 Qh6+ 1/2-1/2

[Event "Open Nord 2014/2015"]
[Site "Meyreuil"]
[Date "2015.05.15"]
[Round "9.6"]
[White "Garcia, Robustiano"]
[Black "Graells, Christian"]
[Result "1-0"]
[WhiteElo "1567"]
[BlackElo "1470"]
[PlyCount "61"]

1. d4 Nf6 2. c4 c5 3. d5 e5 4. Nc3 d6 5. e4 Be7 6. Bd3 O-O 7. Nge2 Bg4 8. f3
Bh5 9. Be3 h6 10. Qd2 Kh7 11. g4 Bg6 12. O-O-O Ng8 13. f4 f6 14. h4 Na6 15. f5
Be8 16. g5 Bh5 17. Rdg1 Nb4 18. Bb1 g6 19. fxg6+ Bxg6 20. h5 fxg5 21. hxg6+
Kxg6 22. Ng3 Nf6 23. Nf5 Ng8 24. Qh2 Rxf5 25. Qh5+ Kg7 26. exf5 Bf6 27. Qg6+
Kf8 28. Ne4 Bg7 29. f6 Bxf6 30. Nxf6 Qxf6 31. Rf1 1-0

[Event "Open Nord 2014/2015"]
[Site "Meyreuil"]
[Date "2015.05.15"]
[Round "9.8"]
[White "Corrias, Robert"]
[Black "Hidreau, Olivier"]
[Result "1-0"]
[WhiteElo "1620"]
[BlackElo "1479"]
[PlyCount "97"]

1. Nf3 Nf6 2. d4 g6 3. Nc3 d5 4. Bf4 c6 5. e3 Bg7 6. Bd3 O-O 7. O-O Bg4 8. h3
Bxf3 9. Qxf3 Nbd7 10. Kh1 Ne8 11. Qg3 Nef6 12. Qh4 Nh5 13. Bh2 f5 14. f4 Bf6
15. Qf2 e6 16. g4 Bh4 17. Qf3 Ng7 18. g5 Nb6 19. b3 Nd7 20. Qg2 c5 21. Ne2 Rc8
22. Ng1 cxd4 23. exd4 Bxg5 24. fxg5 Qb6 25. Ne2 Rfe8 26. Rae1 Re7 27. Bg1 Qd6
28. Nf4 a6 29. Bh2 Qc6 30. Nxd5 Ree8 31. Nf6+ Nxf6 32. Qxc6 Rxc6 33. gxf6 Nh5
34. Be5 Kf7 35. Bc4 Nxf6 36. Bxf6 Kxf6 37. d5 Rd6 38. dxe6 b5 39. Bd3 Rexe6 40.
Rxe6+ Rxe6 41. Rf2 h6 42. Re2 Rd6 43. a4 b4 44. Re8 a5 45. Kg2 Re6 46. Rb8 f4
47. Rb5 Re5 48. Rb6+ Kg7 49. Rxg6+ 1-0

[Event "Open Nord 2014/2015"]
[Site "Meyreuil"]
[Date "2015.05.15"]
[Round "9.9"]
[White "Salvi, Angele"]
[Black "Person, Claude"]
[Result "1-0"]
[WhiteElo "1154"]
[BlackElo "1233"]
[PlyCount "163"]

1. e4 e6 2. Nf3 d5 3. d3 dxe4 4. dxe4 Qxd1+ 5. Kxd1 Nf6 6. Nc3 c6 7. Bf4 Nh5 8.
Be3 Nd7 9. Be2 g6 10. Nd2 Ng7 11. f4 Bc5 12. Nc4 O-O 13. Na4 Bxe3 14. Nxe3 b5
15. Nc3 Nc5 16. Bf3 Bb7 17. Ke1 Rfd8 18. b3 Rd4 19. Kf2 b4 20. Rhd1 Rad8 21.
Na4 Rxd1 22. Nxd1 Nxa4 23. bxa4 Rd2+ 24. Ke1 Rxc2 25. Ne3 Rc3 26. Nd1 Ra3 27.
Nb2 b3 28. Rd1 Kf8 29. Rd3 Rxa2 30. Rxb3 Ra1+ 31. Kf2 Ba6 32. Bd1 Ke7 33. Ke1
Rc1 34. g4 f5 35. Kd2 fxg4 36. Kxc1 h5 37. Rb8 Ne8 38. Ra8 Kd7 39. Rxa7+ Nc7
40. Kd2 Kc8 41. Be2 Kb8 42. Rxa6 Nxa6 43. Bxa6 Kc7 44. a5 h4 45. Be2 g3 46. Bf3
gxh2 47. Nc4 c5 48. Kc3 Kc6 49. Ne5+ Kb5 50. Nxg6 h3 51. Bh1 Kxa5 52. Kc4 Kb6
53. Nh4 Kc6 54. Nf3 Kd6 55. Nxh2 Ke7 56. e5 Kf7 57. Be4 Ke7 58. Kxc5 Kd7 59.
Ng4 Ke7 60. Kd4 Kd7 61. Ke3 Kc7 62. Kf3 Kb6 63. Kg3 h2 64. Nxh2 Kc5 65. Nf3 Kc4
66. Ng5 Kd4 67. Bg6 Kd5 68. Bf7 Kd4 69. Nxe6+ Ke4 70. Bg6+ Kd5 71. Ng7 Kc6 72.
e6 Kd6 73. f5 Ke7 74. f6+ Kxf6 75. Bf7 Kxg7 76. Kf4 Kf6 77. Ke4 Ke7 78. Ke5 Kf8
79. Bh5 Ke7 80. Bf3 Ke8 81. Kd6 Kd8 82. e7+ 1-0